| 000 | 00601nam a22002177a 4500 | ||
|---|---|---|---|
| 003 | OSt | ||
| 005 | 20160105095750.0 | ||
| 008 | 130622t xxu||||| |||| 00| 0 eng d | ||
| 020 | _a9607901045 | ||
| 050 |
_aQD 43 _b.M345 1999 |
||
| 082 |
_aIB 542 _bM34 1999 |
||
| 100 | _aMarketos, Panayis G. | ||
| 245 |
_aChemistry experiments : _bthe laboratory as a teaching tool / _cPanayis G. Marketos and George A. Rouvas. |
||
| 260 |
_aAthens : _bLeader Books, _c1999. |
||
| 300 |
_a147 p. : _c29 cm. |
||
| 562 | _e3 | ||
| 942 |
_2lcc _cBK |
||
| 999 |
_c3005 _d3005 |
||